00547nam a22001817a 450000500170000001000260001702000260004303500130006903700260008208200080010810000180011624500720013425000170020626000340022327000730025730000190033070000160034920240910113905.0 aB-760270 RP/8.8.24 c790.00a9789355646484 aB-760270 bAksharesh Enterprises a000 aPatel, Mrunal a29 Previous Years UPSC IAS Prelims;bTopic Wise Solved Papers1&2 / a14th Edition aNew DelhibDisha Publication  bNew DelhiaA23, Fiee Complex, Okhla Industrial Area, Phase 2e110020 aVp.c28cm(pbk) aVerma Kunal